<?xml version="1.0" encoding="UTF-8"?>
<collection xmlns:xsi="http://www.w3.org/2001/XMLSchema-instance" xsi:schemaLocation="http://www.loc.gov/MARC21/slim http://www.loc.gov/standards/marcxml/schema/MARC21slim.xsd" xmlns="http://www.loc.gov/MARC21/slim">
 <record>
  <leader>00000cmm a22000004a 4500</leader>
  <controlfield tag="001">UP-99796217611235940</controlfield>
  <controlfield tag="003">Buklod</controlfield>
  <controlfield tag="005">20230215085534.0</controlfield>
  <controlfield tag="006">m    go  j        </controlfield>
  <controlfield tag="007">cr |n |||auu|a</controlfield>
  <controlfield tag="008">101212s2011    xx         u |      eng d</controlfield>
  <datafield tag="020" ind1=" " ind2=" ">
   <subfield code="a">9789400700444</subfield>
  </datafield>
  <datafield tag="020" ind1=" " ind2=" ">
   <subfield code="a">940070044X</subfield>
  </datafield>
  <datafield tag="035" ind1=" " ind2=" ">
   <subfield code="a">(iLib)UPD-00215705118</subfield>
  </datafield>
  <datafield tag="040" ind1=" " ind2=" ">
   <subfield code="a">DML</subfield>
  </datafield>
  <datafield tag="041" ind1="0" ind2=" ">
   <subfield code="a">eng</subfield>
  </datafield>
  <datafield tag="042" ind1=" " ind2=" ">
   <subfield code="a">DMLUC</subfield>
  </datafield>
  <datafield tag="084" ind1=" " ind2=" ">
   <subfield code="a">QC 176.8. N35</subfield>
   <subfield code="b">N38 2011eb</subfield>
  </datafield>
  <datafield tag="100" ind1="1" ind2=" ">
   <subfield code="a">Bonca, Janez.</subfield>
  </datafield>
  <datafield tag="245" ind1="1" ind2="0">
   <subfield code="a">Physical properties of nanosystems</subfield>
   <subfield code="h">[electronic resource]</subfield>
   <subfield code="c">edited by Janez Bonca, Sergei Kruchinin.</subfield>
  </datafield>
  <datafield tag="264" ind1=" " ind2="1">
   <subfield code="a">Dordrecht</subfield>
   <subfield code="b">Springer Netherlands</subfield>
   <subfield code="c">2011.</subfield>
  </datafield>
  <datafield tag="300" ind1=" " ind2=" ">
   <subfield code="a">1 online resource (IX, 350p.)</subfield>
  </datafield>
  <datafield tag="490" ind1="0" ind2=" ">
   <subfield code="a">NATO Science for Peace and Security Series B: Physics and Biophysics</subfield>
  </datafield>
  <datafield tag="505" ind1="0" ind2=" ">
   <subfield code="a">Preface -- Electron Transport In Nanosystems.Optics Of Flat Carbon Spectroscopic Ellipsometry Of Graphene Flakes -- Renormalized Perturbation Approach To Alectron Transport Through Quantum Ddots -- Low Temperature Transport In Tunnel Junction arrays -- Electron transport through molecules in the Kondo regime: the Role Of Molecular Vibrations -- Wave Delocalization In Nonlinear Disordered Media -- Physical Limits For Scaling Of Electronic Devices In Integrated Circuits; Synchronized Andreev Transmission in Chains of SNS Junctions -- Superconductivity. Josephson Effect In Point Contacts Berween Two-Band Superconductors -- Superconducting Nanowires: New Type Of BCS-BEC Crossover Driven By Quantum-Size Effects -- Transient response of a superconductor in an applied electric field -- Interband Nodal-Region Pairing And The Antinodal Pseudogap In Hole Doped Cuprates -- Electronic Structure Of Cuprate Superconductors In The Presence Of Out-Of-Plane Impurities -- Multiple Quasiparticle Pairs In The BCS Model -- Critical And Non-Critical Channel In The Damping Of Superconducting Fluctuations In Two-Band Systems -- Phase Slip Phenomena One And Two Dimensional Superconducting Ring  -- Elements Of Modern High-Temperature Superconductivity -- An Approximating Hamiltonian Method In The Theory Of Imperfect Bose Gases -- Spintronics Non-Equilibrium Physics In Solids: Hot-Electron Relaxation -- Functional Renormalization Group Approach To Non-Equilibrium Properties Of Mesoscopic Systems -- Conductivity Of Layered Systems With Planar And Bulk Disorder -- Magnetization Curves For Anisotropic Magnetic Impurities Adsorbed On A Normal Metal Substrate -- Superposition Of Flux-Qubit States And The Law Of Angular Momentum Conservation Titlerunning -- Creation And Control Of Ordered Nanostructures In Spin-Gass Media -- Sensors. New Sensor For Remote Evaluation Of The Physiological State Of Biological System -- Themoelectricity in Double-Barrier Resonant Tunneling Structures -- Light Emitting Sensors And Optical Fibers -- Gas Sensing Properties Of The Nanosized Pd an CuxPd layers -- Subject Index. Author Index.</subfield>
  </datafield>
  <datafield tag="506" ind1=" " ind2=" ">
   <subfield code="a">IP-based subscription, access limited to within on-campus computer network.</subfield>
   <subfield code="c">Access via Electronic Resources of the UPD University Library Website.</subfield>
  </datafield>
  <datafield tag="520" ind1=" " ind2=" ">
   <subfield code="a">Recent advances in nanoscience have demonstrated that fundamentally new physical phenomena are found when systems are reduced to sizes comparable to the fundamental microscopic length scales of the material investigated. There has been great interest in this research due, in particular, to its role in the development of spintronics, molecular electronics and quantum information processing. The contributions to this volume describe new advances in many of these fundamental and fascinating areas of nanophysics, including carbon nanotubes, graphene, magnetic nanostructures, transport through coupled quantum dots, spintronics, molecular electronics, and quantum information processing.</subfield>
  </datafield>
  <datafield tag="533" ind1=" " ind2=" ">
   <subfield code="a">Electronic reproduction.</subfield>
   <subfield code="b">New York</subfield>
   <subfield code="c">SpringerLink</subfield>
   <subfield code="d">2011.</subfield>
   <subfield code="n">Available via World Wide Web through Gale Virtual Reference Library.</subfield>
  </datafield>
  <datafield tag="650" ind1=" " ind2="0">
   <subfield code="a">Nanotechnology.</subfield>
  </datafield>
  <datafield tag="650" ind1=" " ind2="0">
   <subfield code="a">Electronic books.</subfield>
  </datafield>
  <datafield tag="700" ind1="1" ind2=" ">
   <subfield code="a">Kruchinin,Sergei.</subfield>
  </datafield>
  <datafield tag="710" ind1="2" ind2=" ">
   <subfield code="a">SpringerLink (Online service).</subfield>
  </datafield>
  <datafield tag="842" ind1=" " ind2=" ">
   <subfield code="a">Electronic Resource</subfield>
  </datafield>
  <datafield tag="856" ind1="4" ind2="0">
   <subfield code="y">Available for University of the Philippines Diliman via SpringerLink. Click here to access</subfield>
   <subfield code="u">http://link.springer.com/book/10.1007/978-94-007-0044-4</subfield>
  </datafield>
  <datafield tag="905" ind1=" " ind2=" ">
   <subfield code="a">FO</subfield>
  </datafield>
  <datafield tag="950" ind1=" " ind2=" ">
   <subfield code="a">Monograph</subfield>
  </datafield>
  <datafield tag="852" ind1="0" ind2=" ">
   <subfield code="a">UPD</subfield>
   <subfield code="b">DMLR</subfield>
  </datafield>
  <datafield tag="942" ind1=" " ind2=" ">
   <subfield code="a">Electronic Resource</subfield>
  </datafield>
 </record>
</collection>
